Kỹ nghệ đúc kim loại
Sách gồm 3 chương: Công nghệ đúc trong khuôn cát, Các phương pháp đúc đặc biệt, Các hợp kim và phương pháp nấu rót tiên tiến.
Guardado en:
| Autor principal: | |
|---|---|
| Formato: | Libro |
| Lenguaje: | Undetermined |
| Publicado: |
Hà Nội
Thống Kê
2003
|
| Materias: | |
| Etiquetas: |
Agregar Etiqueta
Sin Etiquetas, Sea el primero en etiquetar este registro!
|
| Thư viện lưu trữ: | Trung tâm Học liệu Trường Đại học Cần Thơ |
|---|
| LEADER | 00727nam a2200193Ia 4500 | ||
|---|---|---|---|
| 001 | CTU_226399 | ||
| 008 | 210402s9999 xx 000 0 und d | ||
| 082 | |a 671.2 | ||
| 082 | |b Đ552 | ||
| 100 | |a Nguyễn, Văn Đức | ||
| 245 | 0 | |a Kỹ nghệ đúc kim loại | |
| 245 | 0 | |c Nguyễn Văn Đức | |
| 260 | |a Hà Nội | ||
| 260 | |b Thống Kê | ||
| 260 | |c 2003 | ||
| 520 | |a Sách gồm 3 chương: Công nghệ đúc trong khuôn cát, Các phương pháp đúc đặc biệt, Các hợp kim và phương pháp nấu rót tiên tiến. | ||
| 650 | |a Metal castings,Đúc kim loại | ||
| 910 | |b vtbtruc | ||
| 980 | |a Trung tâm Học liệu Trường Đại học Cần Thơ | ||